| 000 | 00914cam a2200229 4500500 | ||
|---|---|---|---|
| 005 | 20260111103255.0 | ||
| 041 | _afre | ||
| 042 | _adc | ||
| 100 | 1 | 0 |
_aAguilera, Delphine _eauthor |
| 245 | 0 | 0 | _aSexualité et voix |
| 260 | _c2008. | ||
| 500 | _a6 | ||
| 520 | _aRésuméUne expérience menée en ITEP, réunissant préadolescents et éducateurs permet de mettre à nu la voix. Que nous dit-elle et comment ? À travers la pratique vocale, le corps s’exprime dans la parole, et donne de la sexualité par le son et dans le sens. Des imaginaires jaillissent portés par la Voix. | ||
| 690 | _aadolescence | ||
| 690 | _achant | ||
| 690 | _acorps | ||
| 690 | _aimaginaire | ||
| 690 | _aobscénité | ||
| 690 | _avoix | ||
| 786 | 0 | _nLe Sociographe | 27 | 3 | 2008-09-01 | p. 23-30 | 1297-6628 | |
| 856 | 4 | 1 | _uhttps://shs.cairn.info/revue-le-sociographe-2008-3-page-23?lang=fr&redirect-ssocas=7080 |
| 999 |
_c1630088 _d1630088 |
||